书目信息 |
| 题名: |
毕达哥拉斯和毕达哥拉斯学派
|
|
| 作者: | 若-弗.马泰伊 , 若-弗.马泰伊 著 | |
| 分册: | ||
| 出版信息: | 北京 商务印书馆 1997.05 |
|
| 页数: | 175页 | |
| 开本: | 32开 | |
| 丛书名: | ||
| 单 册: | ||
| 中图分类: | B502.14 | |
| 科图分类: | ||
| 主题词: | 哲学--欧洲 | |
| 电子资源: | ||
| ISBN: | 7-100-02279-7 | |
| 000 | 00648nam0 2200205 45 | |
| 001 | 0009151987 | |
| 005 | 20000915194858.8 | |
| 010 | @a7-100-02279-7@d7.50元 | |
| 100 | @a20000915d1997 km y0chiy0120 ea | |
| 101 | 0 | @achi |
| 105 | @a z 000yy | |
| 200 | 1 | @a毕达哥拉斯和毕达哥拉斯学派@ABi Da Ge La Si He Bi Da Ge La Si Xue Pai@f(法)若-弗.马泰伊著;管震湖译@F(Fa)Ruo-Fu.Ma Tai Yi Zhu;Guan Zhen Hu Yi |
| 210 | @a北京@c商务印书馆@d1997.05 | |
| 215 | @a175页@d32开 | |
| 606 | 0 | @a哲学@x欧洲 |
| 690 | @aB502.14@v3 | |
| 701 | 0 | @a若-弗.马泰伊@4著 |
| 701 | 0 | @a若-弗.马泰伊@4著 |
| 801 | @aCN@bPftUser@c20000915 | |
| 905 | @b144401-403@dB502.14@eM926@f3 | |
| 毕达哥拉斯和毕达哥拉斯学派/(法)若-弗.马泰伊著;管震湖译.-北京:商务印书馆,1997.05 |
| 175页;32开 |
| ISBN 7-100-02279-7:7.50元 |
| ● |
| 相关链接 |
|
|
|
正题名:毕达哥拉斯和毕达哥拉斯学派
索取号:B502.14/M926
 
预约/预借
| 序号 | 登录号 | 条形码 | 馆藏地/架位号 | 状态 | 备注 |
| 1 | 144401 | 201444017 | 社科库509/509社科库 16排3列6层/ [索取号:B502.14/M926] | 在馆 | |
| 2 | 144402 | 201444026 | 社科库509/509社科库 16排3列6层/ [索取号:B502.14/M926] | 在馆 | |
| 3 | 144403 | 201444035 | 社科库509/509社科库 16排3列6层/ [索取号:B502.14/M926] | 在馆 |